| 000 | 00820nam a22002297a 4500 | ||
|---|---|---|---|
| 999 |
_c16308 _d16308 |
||
| 003 | AR-CdUCM | ||
| 008 | 190503b ||||| |||| 00| 0 spa d | ||
| 040 |
_aMUNICIPALIDAD PROVINCIAL DEL CUSCO _cBIBLIOTECA MUNICIPAL DEL CUSCO |
||
| 082 |
_a869.551 / _bP72 |
||
| 100 |
_aPodestá, Bruno _910763 |
||
| 245 | _aPensamiento Politico de Gonzalez Prada / | ||
| 260 |
_aLima : _bInstituto nacional de cultura, _c1975. |
||
| 300 |
_a222 paginas ; _c18 cm. |
||
| 500 | _aVida y obra de Gonzalez prada | ||
| 505 | _aContenido: Breve noticia sobre su vida -- su planteamiento anarquista -- el indio y el obrero -- personajes, prototipos -- bibliografia... | ||
| 650 |
_aVida _9884 |
||
| 650 |
_aAnarquista _928579 |
||
| 650 |
_aIndio _929864 |
||
| 650 |
_aObrero _930308 |
||
| 942 |
_2ddc _cLIBROS |
||
| 945 |
_apjha _d2019-05-03 |
||